000 00894nam a2200253 i 4500
001 165691
003 ES-MaACL
005 20250814011834.0
008 050831m18981899sp |||| | spa d
040 _aCAM
_bspa
_cCAM
100 1 _aSpencer, Herbert,
_d1820-1903
_9107684
245 1 4 _aThe principles of biology /
_cby Herbert Spencer.
250 _aRev. and enl. ed.
260 _a[London] :
_bWilliams and Norgate,
_c1898-1899 (
_fHarrison and Sons)
300 _a2 v. (XII, 706 ; XIII, 660 p.) ;
_c22 cm.
490 1 _aA System of Synyhetic Philosophy ;
_v2-3
501 _aCon propaganda ed.
650 0 7 _aBiología
_2embne
_910580
710 2 _aWilliams and Norgate.
_9135046
752 _aGran Bretaña -
_dLondres
830 0 _aA System of Synyhetic Philosophy ;
_v2-3
_9222484
852 _aES-MaACL
_jC-8504-05
_z- Enc. tela grabada
999 _c165691
_d165691